[Event "221st YMCA Autumn B"]
[Site "Warsaw"]
[Date "2019.09.20"]
[Round "1"]
[White "Szukalski`, Antoni"]
[Black "Gierech, Pawel"]
[Result "1-0"]
[WhiteElo "1727"]
[BlackElo "1652"]
[PlyCount "181"]
[EventDate "2019.09.20"]
[EventType "tourn"]
[EventRounds "1"]
[EventCountry "POL"]
[SourceDate "2019.09.20"]

1. e4 d5 2. exd5 Qxd5 3. Nc3 Qa5 4. Nf3 Bg4 5. Be2 Nf6 6. O-O e6 7. h3 Bh5 8.
d3 Nbd7 9. Bd2 c6 10. Ne4 Qc7 11. Qc1 h6 12. Bf4 e5 13. Bd2 Nxe4 14. dxe4 Nc5
15. Bc3 f6 16. Qe3 Ne6 17. Nh4 Bf7 18. Rad1 Bc5 19. Qc1 Nf4 20. Qd2 O-O 21. Kh2
Rad8 22. Qe1 Be6 23. a4 Qc8 24. b4 Bxh3 25. g4 Bxf1 26. Qxf1 Nxe2 27. Qxe2 Rxd1
28. Qxd1 Bxf2 29. Nf5 Qd8 30. Qe2 Bd4 31. Qc4+ Kh7 32. Bxd4 exd4 33. Nxd4 Qd6+
34. Kh3 Re8 35. Qd3 Qe5 36. Nf5 Qc7 37. e5 Rxe5 38. Ne7+ f5 39. Nxf5 g6 40. Nh4
Qf7 41. Nf3 Rd5 42. Qe4 Rd7 43. Kg3 Qd5 44. Qe8 Kg7 45. Ne5 Rf7 46. Nxf7 Qxf7
47. Qe5+ Kh7 48. a5 Qg7 49. Qe6 Qc3+ 50. Kg2 Qxc2+ 51. Kh3 Qd3+ 52. Kh2 Qd2+
53. Kh3 Qc3+ 54. Kh2 Qg7 55. Kh3 Qc7 56. Qe8 b6 57. a6 c5 58. Qa8 cxb4 59. Qb7
Qg7 60. Qd5 h5 61. g5 Qc3+ 62. Kh2 h4 63. Qf7+ Qg7 64. Qc4 Qb2+ 65. Kh1 Qa1+
66. Kg2 h3+ 67. Kf2 Qb2+ 68. Kf1 Qg2+ 69. Ke1 Qg3+ 70. Kf1 Qxg5 71. Qf7+ Kh6
72. Qf8+ Kh5 73. Ke1 Qe5+ 74. Kd1 Qd5+ 75. Ke1 Kg4 76. Qc8+ Kf4 77. Qxh3 Qe4+
78. Kd2 Qd5+ 79. Ke2 Qc4+ 80. Kf2 Qc2+ 81. Kf1 g5 82. Qd7 Qf5 83. Qxa7 Kg3+ 84.
Ke2 Qf2+ 85. Kd3 g4 86. Qc7+ Kg2 87. Qc6+ Qf3+ 88. Qxf3+ gxf3 89. a7 f2 90.
a8=Q+ Kg1 91. Qg8+ 1-0

[Event "221st YMCA Autumn B"]
[Site "Warsaw"]
[Date "2019.09.24"]
[Round "1"]
[White "Kasperski, Marcin"]
[Black "Sypula, Krzysztof"]
[Result "1-0"]
[WhiteElo "1638"]
[BlackElo "1671"]
[PlyCount "157"]
[EventDate "2019.09.20"]
[EventType "tourn"]
[EventRounds "1"]
[EventCountry "POL"]
[SourceDate "2019.09.20"]

1. c4 Nf6 2. g3 c6 3. Nf3 g6 4. Bg2 Bg7 5. O-O d6 6. Nc3 O-O 7. Qc2 e5 8. d3 h6
9. Bd2 Be6 10. Rac1 Nbd7 11. b4 d5 12. cxd5 Bxd5 13. Nxd5 Nxd5 14. Qb3 Nc7 15.
a4 a6 16. Rfd1 Re8 17. Be3 Qe7 18. Ne1 Qe6 19. Qc4 Rac8 20. Qh4 Qf6 21. Qh3
Rcd8 22. Bxh6 Nb6 23. Bxg7 Kxg7 24. a5 Nbd5 25. Qg4 Qd6 26. Nc2 Nf6 27. Qc4 Ne6
28. e3 Qe7 29. Na1 Rd7 30. Nb3 Red8 31. Nc5 Nxc5 32. bxc5 e4 33. d4 g5 34. h3
Nd5 35. Kf1 Nc7 36. Ke1 Nb5 37. Qc2 Re8 38. Qb2 Rd5 39. Kd2 Qd8 40. Ra1 f5 41.
Bf1 Kg6 42. Bxb5 cxb5 43. Kc3 Qf6 44. Kb3 Rh8 45. Rh1 f4 46. gxf4 gxf4 47.
Rag1+ Kf7 48. Rg4 Rf5 49. Qc3 Qe6+ 50. Kb4 fxe3 51. fxe3 Qa2 52. Qb3+ Qxb3+ 53.
Kxb3 Re8 54. Rhg1 Rf3 55. R1g3 Re6 56. Kc3 Ref6 57. d5 Rxg3 58. Rxg3 Rf3 59.
Rg4 Rxe3+ 60. Kd4 Rxh3 61. Rxe4 Ra3 62. Re2 Ra4+ 63. Ke5 b4 64. Kd6 Rxa5 65.
Re7+ Kf6 66. Rxb7 Rb5 67. c6 b3 68. Rxb5 axb5 69. c7 b2 70. c8=Q b1=Q 71. Qe6+
Kg5 72. Qe7+ Kg4 73. Kd7 Qf5+ 74. Kc6 Qd3 75. Qb4+ Qc4+ 76. Qc5 Kf5 77. d6+
Qxc5+ 78. Kxc5 b4 79. d7 1-0

[Event "221st YMCA Autumn B"]
[Site "Warsaw"]
[Date "2019.10.01"]
[Round "1"]
[White "Wilczynski, Adam"]
[Black "Sloniewska, Alicja"]
[Result "0-1"]
[WhiteElo "1607"]
[BlackElo "1661"]
[PlyCount "192"]
[EventDate "2019.09.20"]
[EventType "tourn"]
[EventRounds "1"]
[EventCountry "POL"]
[SourceDate "2019.09.20"]

1. c4 f5 2. g3 Nf6 3. Bg2 g6 4. Nc3 Bg7 5. d3 O-O 6. e4 fxe4 7. dxe4 Nc6 8.
Nge2 d6 9. O-O Be6 10. b3 Qc8 11. Bb2 Bh3 12. Qd2 Bxg2 13. Kxg2 Qe6 14. f3 a6
15. Nd5 Qd7 16. Rad1 Qd8 17. Nef4 Qc8 18. a4 Rf7 19. h4 Nxd5 20. exd5 Nd8 21.
Bxg7 Kxg7 22. Rde1 Qd7 23. Ne6+ Kg8 24. h5 Rf6 25. hxg6 Rxg6 26. Qe3 Nxe6 27.
dxe6 Qc6 28. Qe4 Rf8 29. Qxc6 bxc6 30. Re3 Rff6 31. Rfe1 Kg7 32. b4 Rg5 33. Rb3
h5 34. b5 cxb5 35. cxb5 axb5 36. axb5 Rc5 37. f4 h4 38. b6 cxb6 39. Rxb6 Rg6
40. Rb3 Kf6 41. Kh3 Rxg3+ 42. Rxg3 hxg3 43. Kxg3 Kf5 44. Rh1 Rc3+ 45. Kf2 Kxe6
46. Rh5 Kf6 47. Ke2 Rc5 48. Rh7 Ke6 49. Ke3 Rf5 50. Ke4 d5+ 51. Ke3 Kd6 52.
Rh6+ Rf6 53. Rh8 Re6+ 54. Kd3 Re4 55. Rh6+ Kd7 56. f5 Rf4 57. Rh5 Kd6 58. Rh6+
Kd7 59. Rh5 d4 60. Rh6 Ke8 61. Rh5 Kf7 62. Rh6 Kg7 63. Re6 Kf7 64. Rh6 Rxf5 65.
Kxd4 Rf6 66. Rh7+ Ke6 67. Ke4 Kd6 68. Rh8 Rg6 69. Rd8+ Ke6 70. Ra8 Rg4+ 71. Kf3
Rb4 72. Ra6+ Kf5 73. Ra5+ e5 74. Ke3 Rb3+ 75. Ke2 Kf4 76. Ra8 Rb2+ 77. Ke1 Rg2
78. Kf1 Rh2 79. Rf8+ Ke3 80. Ra8 Rd2 81. Ra3+ Rd3 82. Ra8 e4 83. Rf8 Rd2 84.
Rf7 Rd1+ 85. Kg2 Ke2 86. Rf2+ Kd3 87. Rf8 e3 88. Rd8+ Ke2 89. Re8 Rd3 90. Ra8
Ke1 91. Ra1+ Rd1 92. Ra3 e2 93. Ra2 Rc1 94. Kf3 Rc3+ 95. Kg2 Kd1 96. Ra1+ Rc1
0-1

[Event "221st YMCA Autumn B"]
[Site "Warsaw"]
[Date "2019.09.20"]
[Round "1"]
[White "Mazurek, Jerzy"]
[Black "Tarka, Aleksandra"]
[Result "1/2-1/2"]
[WhiteElo "1664"]
[BlackElo "1646"]
[PlyCount "112"]
[EventDate "2019.09.20"]
[EventType "tourn"]
[EventRounds "1"]
[EventCountry "POL"]
[SourceDate "2019.09.20"]

1. e4 c5 2. Nf3 e6 3. d3 Nc6 4. g3 Nf6 5. Bg2 d5 6. Qe2 Be7 7. O-O O-O 8. e5
Nd7 9. c4 a6 10. h4 h6 11. Bf4 b5 12. cxd5 exd5 13. e6 Nf6 14. exf7+ Rxf7 15.
Ne5 Nxe5 16. Qxe5 Qd7 17. Nc3 Bb7 18. d4 b4 19. Ne2 c4 20. Rfe1 Ng4 21. Qh5 Nf6
22. Qg6 Qg4 23. Qxg4 Nxg4 24. f3 Nf6 25. Bd2 Bd6 26. Bh3 Bc8 27. Bxc8 Rxc8 28.
g4 Re8 29. Kg2 Rfe7 30. Ng3 Rxe1 31. Rxe1 Rxe1 32. Bxe1 g6 33. Bd2 Kg7 34. Ne2
Ne8 35. Nf4 Nc7 36. h5 g5 37. Ne2 Ne6 38. Kf2 a5 39. Be3 a4 40. Ke1 Nf4 41.
Nxf4 gxf4 42. Bd2 Kf6 43. Kd1 Kg5 44. Be1 b3 45. a3 Bc7 46. Bf2 Ba5 47. Kc1 c3
48. bxc3 Bxc3 49. Kb1 Bd2 50. Kb2 Be3 51. Be1 Bxd4+ 52. Bc3 Bxc3+ 53. Kxc3 d4+
54. Kd2 Kh4 55. Kd3 Kg5 56. Kd2 Kh4 $11 1/2-1/2

[Event "221st YMCA Autumn B"]
[Site "Warsaw"]
[Date "2019.10.01"]
[Round "1"]
[White "Okurowski, Michal"]
[Black "Wojnowski, Jan"]
[Result "1/2-1/2"]
[WhiteElo "1645"]
[BlackElo "1676"]
[PlyCount "47"]
[EventDate "2019.09.20"]
[EventType "tourn"]
[EventRounds "1"]
[EventCountry "POL"]
[SourceDate "2019.09.20"]

1. e4 d5 2. exd5 Qxd5 3. Nc3 Qd6 4. d4 Nf6 5. Nf3 Bg4 6. Be2 a6 7. h3 Bh5 8.
Ne5 Bxe2 9. Nxe2 Nc6 10. Bf4 Qb4+ 11. c3 Qb6 12. Nxc6 Qxc6 13. O-O e6 14. Qb3
Bd6 15. Bxd6 cxd6 16. f3 O-O 17. c4 Rfc8 18. Rac1 b5 19. cxb5 Qxb5 20. Qxb5
axb5 21. Rxc8+ Rxc8 22. Rc1 Rxc1+ 23. Nxc1 Kf8 24. Kf2 1/2-1/2

[Event "221st YMCA Autumn B"]
[Site "Warsaw"]
[Date "2019.10.10"]
[Round "2"]
[White "Ossolinski, Ziemowit"]
[Black "Wojnowski, Jan"]
[Result "1-0"]
[WhiteElo "1768"]
[BlackElo "1676"]
[PlyCount "51"]
[EventDate "2019.09.20"]
[EventType "tourn"]
[EventRounds "1"]
[EventCountry "POL"]
[SourceDate "2019.09.20"]

1. e4 d5 2. exd5 Qxd5 3. Nf3 Bg4 4. Be2 Nc6 5. Nc3 Qd7 6. h3 Bxf3 7. Bxf3 O-O-O
8. d3 Kb8 9. a4 e5 10. Be3 f5 11. Nb5 a6 12. O-O Nf6 13. Bxc6 Qxc6 14. Na3 Bd6
15. Nc4 f4 16. Bd2 g5 17. b4 g4 18. hxg4 Rdg8 19. b5 axb5 20. axb5 Qd5 21. Nxd6
cxd6 22. c4 Qxd3 23. Bb4 Qxd1 24. Rfxd1 Ne8 25. Rxd6 Kc7 26. b6+ 1-0

[Event "221st YMCA Autumn B"]
[Site "Warsaw"]
[Date "2019.09.25"]
[Round "2"]
[White "Tarka, Aleksandra"]
[Black "Okurowski, Michal"]
[Result "1-0"]
[WhiteElo "1646"]
[BlackElo "1645"]
[PlyCount "49"]
[EventDate "2019.09.20"]
[EventType "tourn"]
[EventRounds "1"]
[EventCountry "POL"]
[SourceDate "2019.09.20"]

1. e4 e5 2. d4 exd4 3. Qxd4 Nc6 4. Qe3 d6 5. Bd2 Nf6 6. Nc3 Be7 7. O-O-O Ng4 8.
Qe1 O-O 9. f4 f5 10. Bc4+ Kh8 11. h3 Nf6 12. exf5 Bxf5 13. g4 Na5 14. Be6 Bxe6
15. Qxe6 Re8 16. g5 Bf8 17. Qf5 Nc4 18. gxf6 Nxd2 19. Rxd2 Re1+ 20. Rd1 Qe8 21.
Nge2 Qe3+ 22. Kb1 Rxh1 23. Rxh1 gxf6 24. Rg1 Re8 25. Qxf6+ 1-0

[Event "221st YMCA Autumn B"]
[Site "Warsaw"]
[Date "2019.09.27"]
[Round "2"]
[White "Sloniewska, Alicja"]
[Black "Mazurek, Jerzy"]
[Result "1/2-1/2"]
[WhiteElo "1661"]
[BlackElo "1664"]
[PlyCount "98"]
[EventDate "2019.09.20"]
[EventType "tourn"]
[EventRounds "1"]
[EventCountry "POL"]
[SourceDate "2019.09.20"]

1. d4 d5 2. c4 c6 3. cxd5 cxd5 4. Nc3 Nf6 5. Nf3 Nc6 6. Bf4 a6 7. e3 Bg4 8. Be2
e6 9. O-O Bd6 10. Bxd6 Qxd6 11. Rc1 O-O 12. Na4 Nd7 13. Nc5 Nxc5 14. Rxc5 e5
15. Re1 e4 16. Nd2 Bxe2 17. Rxe2 b6 18. Rc3 Ne7 19. Nf1 Rfc8 20. Rec2 Qd7 21.
Ng3 Rxc3 22. Rxc3 Rc8 23. Ne2 Rxc3 24. Nxc3 Qc6 25. Qb3 a5 26. h3 f5 27. a3 Kf7
28. Kf1 g5 29. Ke1 Qe6 30. Na4 Nc8 31. Qc3 Qd7 32. Qb3 Qe6 33. Qc2 Qd7 34. Qb3
Qe6 35. Ke2 f4 36. Nc3 Ne7 37. Na4 f3+ 38. gxf3 exf3+ 39. Kxf3 Qxh3+ 40. Ke2
Qg4+ 41. Kf1 h5 42. Nxb6 Qh3+ 43. Ke2 g4 44. Qc2 Qf3+ 45. Ke1 g3 46. Qh7+ Ke8
47. Qh8+ Kf7 48. Qh7+ Ke8 49. Qh8+ Kf7 $11 1/2-1/2

[Event "221st YMCA Autumn B"]
[Site "Warsaw"]
[Date "2019.09.27"]
[Round "2"]
[White "Jarmolowski, Tadeusz"]
[Black "Wilczynski, Adam"]
[Result "1/2-1/2"]
[WhiteElo "1667"]
[BlackElo "1607"]
[PlyCount "86"]
[EventDate "2019.09.20"]
[EventType "tourn"]
[EventRounds "1"]
[EventCountry "POL"]
[SourceDate "2019.09.20"]

1. e4 c5 2. d4 cxd4 3. c3 Nf6 4. e5 Nd5 5. cxd4 d6 6. Bc4 e6 7. Bxd5 exd5 8.
Nf3 Nc6 9. O-O Be7 10. Nc3 Be6 11. Bf4 O-O 12. Rc1 a6 13. exd6 Bxd6 14. Bxd6
Qxd6 15. h3 f6 16. Re1 Bf7 17. Na4 Rfe8 18. Nc5 Rxe1+ 19. Qxe1 b6 20. Nd3 Re8
21. Qc3 Ne7 22. Qc7 Qxc7 23. Rxc7 Bg6 24. Nf4 Bf7 25. b4 g5 26. Nd3 Bg6 27.
Nde1 Bb1 28. a3 Bf5 29. g4 Be4 30. Ra7 Ng6 31. Kh2 Nf4 32. Rxa6 Rb8 33. Ra7 h6
34. a4 h5 35. gxh5 Nxh5 36. Rc7 Ra8 37. Rc6 Rxa4 38. Rxb6 Ra2 39. Kg1 Kg7 40.
b5 Rb2 41. Rb7+ Kg6 42. Rb6 Nf4 43. Rb8 Nxh3+ $11 1/2-1/2

[Event "221st YMCA Autumn B"]
[Site "Warsaw"]
[Date "2019.09.26"]
[Round "2"]
[White "Sypula, Krzysztof"]
[Black "Iwaszkiewicz, Krzysztof"]
[Result "1/2-1/2"]
[WhiteElo "1671"]
[BlackElo "1768"]
[PlyCount "123"]
[EventDate "2019.09.20"]
[EventType "tourn"]
[EventRounds "1"]
[EventCountry "POL"]
[SourceDate "2019.09.20"]

1. d4 d5 2. c4 c6 3. Nf3 Nf6 4. Nc3 e6 5. cxd5 exd5 6. Bf4 Bf5 7. e3 Qb6 8. Qb3
Na6 9. Qxb6 axb6 10. Nh4 Be4 11. f3 Bg6 12. Rc1 Nb4 13. Nxg6 hxg6 14. a3 Na6
15. Bd3 b5 16. O-O b4 17. Nb1 Kd7 18. e4 dxe4 19. fxe4 bxa3 20. bxa3 Rh5 21.
Bg3 Ke8 22. Rce1 Ra5 23. Rf3 Nh5 24. Bc4 f6 25. Bh4 g5 26. Bf2 b5 27. Be6 Nf4
28. Bg4 Nc7 29. g3 Ng6 30. Bh5 Kf7 31. Rc1 R8a6 32. d5 g4 33. Rd3 b4 34. Bxg6+
Kxg6 35. axb4 Bxb4 36. dxc6 Re5 37. Rd7 Ba5 38. Rc4 Re6 39. Rd1 Rexc6 40. Rxc6
Rxc6 41. Na3 Bb4 42. Rd3 Ne6 43. Rb3 Bd6 44. Be3 Ng5 45. Bxg5 Kxg5 46. Kf2 Ra6
47. Nc2 Be5 48. Ke2 Ra2 49. Kd3 Ra8 50. Ne3 Rd8+ 51. Ke2 Rh8 52. Nf1 Ra8 53.
Nd2 Ra2 54. Rd3 Ra1 55. Rd7 g6 56. Rd5 Ra2 57. Kf2 Ra3 58. Nc4 Ra2+ 59. Kg1
Ra1+ 60. Kf2 Ra2+ 61. Kg1 Ra1+ 62. Kf2 1/2-1/2

[Event "221st YMCA Autumn B"]
[Site "Warsaw"]
[Date "2019.09.26"]
[Round "2"]
[White "Gierech, Pawel"]
[Black "Kasperski, Marcin"]
[Result "1-0"]
[WhiteElo "1652"]
[BlackElo "1638"]
[PlyCount "65"]
[EventDate "2019.09.20"]
[EventType "tourn"]
[EventRounds "1"]
[EventCountry "POL"]
[SourceDate "2019.09.20"]

1. e4 e6 2. d4 d5 3. Nc3 Nf6 4. Bd3 Nc6 5. e5 Nd7 6. Nce2 Nb4 7. c3 Nxd3+ 8.
Qxd3 Nb6 9. f4 Bd7 10. a4 Nxa4 11. Nf3 c5 12. O-O Nb6 13. Kh1 a6 14. dxc5 Bb5
15. Qc2 Bxc5 16. Rd1 Bxe2 17. Qxe2 O-O 18. Rd3 f5 19. exf6 Qxf6 20. Rb1 Rad8
21. b4 Bd6 22. Be3 Nc4 23. Bd4 Qf5 24. Re1 Bxf4 25. Nh4 Qf7 26. Rf3 e5 27. Bc5
Rfe8 28. g3 Qh5 29. Ng2 Bd2 30. Ref1 Qh6 31. Qd3 e4 32. Qxd5+ Qe6 33. Qxe6+ 1-0

[Event "221st YMCA Autumn B"]
[Site "Warsaw"]
[Date "2019.09.26"]
[Round "2"]
[White "Dabrowski, Leszek"]
[Black "Szukalski`, Antoni"]
[Result "0-1"]
[WhiteElo "1851"]
[BlackElo "1727"]
[PlyCount "62"]
[EventDate "2019.09.20"]
[EventType "tourn"]
[EventRounds "1"]
[EventCountry "POL"]
[SourceDate "2019.09.20"]

1. e4 e6 2. d3 d5 3. Nd2 c5 4. g3 Nc6 5. Bg2 Nf6 6. Ngf3 dxe4 7. dxe4 e5 8. c3
Be7 9. Qe2 O-O 10. Nc4 Qc7 11. Bg5 Be6 12. Bxf6 Bxf6 13. Ne3 Rad8 14. O-O a6
15. Rad1 b5 16. Nd5 Bxd5 17. exd5 Ne7 18. c4 b4 19. g4 Ng6 20. g5 Be7 21. h4
Bd6 22. h5 Nf4 23. Qe4 Rde8 24. h6 f5 25. gxf6 Rxf6 26. hxg7 Qxg7 27. Ne1 Nh3+
28. Kh2 Nxf2 29. Qc2 Rh6+ 30. Kg1 Nh3+ 31. Kh1 Nf4+ 0-1

[Event "221st YMCA Autumn B"]
[Site "Warsaw"]
[Date "2019.10.01"]
[Round "3"]
[White "Szukalski`, Antoni"]
[Black "Ossolinski, Ziemowit"]
[Result "0-1"]
[WhiteElo "1727"]
[BlackElo "1768"]
[PlyCount "86"]
[EventDate "2019.09.20"]
[EventType "tourn"]
[EventRounds "1"]
[EventCountry "POL"]
[SourceDate "2019.09.20"]

1. d4 Nf6 2. c4 c5 3. d5 b5 4. cxb5 a6 5. bxa6 g6 6. Nc3 Bxa6 7. e4 Bxf1 8.
Kxf1 d6 9. g3 Bg7 10. Kg2 O-O 11. Nf3 Ng4 12. h3 Ne5 13. Bf4 Nbd7 14. Nxe5 Nxe5
15. Qe2 Qa5 16. a3 Rfb8 17. Rac1 Qb6 18. Nd1 Qb3 19. Rc3 Qa4 20. Rc2 Nd7 21.
Re1 Rb7 22. Bc1 Bd4 23. f4 Rb3 24. Rf1 Nf6 25. Nc3 Bxc3 26. Rxc3 Rxc3 27. bxc3
Nxe4 28. f5 Nxc3 29. Qf3 Qe4 30. fxg6 hxg6 31. Qxe4 Nxe4 32. Re1 f5 33. g4 Kf7
34. h4 Ra4 35. gxf5 gxf5 36. Rf1 Nf6 37. Rxf5 Rxh4 38. Bb2 Kg6 39. Rf3 Nxd5 40.
Rg3+ Kf5 41. Rf3+ Nf4+ 42. Kf2 Rh2+ 43. Ke3 Re2# 0-1

[Event "221st YMCA Autumn B"]
[Site "Warsaw"]
[Date "2019.10.03"]
[Round "3"]
[White "Kasperski, Marcin"]
[Black "Dabrowski, Leszek"]
[Result "1-0"]
[WhiteElo "1638"]
[BlackElo "1851"]
[PlyCount "51"]
[EventDate "2019.09.20"]
[EventType "tourn"]
[EventRounds "1"]
[EventCountry "POL"]
[SourceDate "2019.09.20"]

1. c4 e6 2. g3 Nf6 3. Bg2 d5 4. Nf3 Be7 5. O-O O-O 6. Qc2 b6 7. Nc3 a6 8. cxd5
exd5 9. d4 Bb7 10. Bf4 Nbd7 11. Rac1 c5 12. Rfd1 Nh5 13. Be3 c4 14. Nd2 Ndf6
15. Nxc4 b5 16. Ne5 g6 17. Bf3 Re8 18. Qb3 Ng7 19. Na4 Ne6 20. Nd3 Ne4 21. Nac5
Ra7 22. Nxe6 fxe6 23. Bxe4 dxe4 24. Qxe6+ Kh8 25. Ne5 Bd5 26. Nf7+ 1-0

[Event "221st YMCA Autumn B"]
[Site "Warsaw"]
[Date "2019.10.03"]
[Round "3"]
[White "Iwaszkiewicz, Krzysztof"]
[Black "Gierech, Pawel"]
[Result "1-0"]
[WhiteElo "1768"]
[BlackElo "1652"]
[PlyCount "159"]
[EventDate "2019.09.20"]
[EventType "tourn"]
[EventRounds "1"]
[EventCountry "POL"]
[SourceDate "2019.09.20"]

1. d4 d5 2. Bf4 Nf6 3. e3 c6 4. Bd3 Bg4 5. Nf3 e6 6. Nbd2 Bd6 7. Bg3 Qe7 8. c4
Bxg3 9. hxg3 Nbd7 10. cxd5 exd5 11. Qb3 Rb8 12. a4 h6 13. a5 O-O 14. O-O c5 15.
Qa3 Rfe8 16. dxc5 Nxc5 17. Bb5 Bd7 18. Nd4 Bxb5 19. Nxb5 b6 20. Rfc1 Qd7 21.
Nd4 Nfe4 22. Nxe4 dxe4 23. axb6 axb6 24. b4 Nd3 25. Rc6 b5 26. Qa5 Qb7 27. Rc7
Qd5 28. Nc6 Rb7 29. Rxb7 Qxc6 30. Qxb5 Qe6 31. Ra6 Qc8 32. Rc7 Qd8 33. Qd7 Qxd7
34. Rxd7 Nxb4 35. Raa7 Nc6 36. Rac7 Ne5 37. Rd4 f5 38. Rd5 g6 39. Rdc5 Re6 40.
Rc8+ Kf7 41. R5c7+ Kf6 42. Rf8+ Kg5 43. Rc1 Rb6 44. Rf1 Kg4 45. Re8 Nd3 46. Rd8
g5 47. Rd4 Rb2 48. Rd6 h5 49. Rg6 Ne5 50. Rg7 Rc2 51. Rg8 Rb2 52. Kh2 Rc2 53.
Rd8 h4 54. Rd5 Rxf2 55. Rxf2 hxg3+ 56. Kg1 gxf2+ 57. Kxf2 Nd3+ 58. Kf1 f4 59.
Rd4 Kf5 60. Rd5+ Ne5 61. Ra5 fxe3 62. Ke2 Kf6 63. Ra6+ Kf5 64. Kxe3 Ng4+ 65.
Ke2 Kf4 66. Ra5 Nf6 67. Ra3 Nh5 68. Kf2 Nf6 69. g3+ Kg4 70. Ra4 Kh3 71. Ra5 Kg4
72. Kg2 Nh5 73. Ra3 Nf6 $11 74. Rb3 Nd5 75. Rb5 Ne3+ 76. Kf2 Nf5 77. Rb3 e3+
78. Kg2 Nxg3 79. Rb4+ Kf5 80. Kxg3 1-0

[Event "221st YMCA Autumn B"]
[Site "Warsaw"]
[Date "2019.10.08"]
[Round "3"]
[White "Wilczynski, Adam"]
[Black "Sypula, Krzysztof"]
[Result "1/2-1/2"]
[WhiteElo "1607"]
[BlackElo "1671"]
[PlyCount "65"]
[EventDate "2019.09.20"]
[EventType "tourn"]
[EventRounds "1"]
[EventCountry "POL"]
[SourceDate "2019.09.20"]

1. d4 Nf6 2. Nf3 d6 3. c4 g6 4. g3 Bg7 5. Bg2 O-O 6. O-O c6 7. Nc3 Bf5 8. Nh4
Bd7 9. h3 Na6 10. e4 Qc8 11. Kh2 Qc7 12. Be3 Rad8 13. Rc1 Qb8 14. Qd2 c5 15. d5
Nc7 16. Bh6 b5 17. Bxg7 Kxg7 18. b3 b4 19. Ne2 e5 20. f4 exf4 21. Qxf4 Nce8 22.
g4 h6 23. Qd2 Kh7 24. Ng3 Ng8 25. Qb2 Ng7 26. Rce1 Rde8 27. Nf3 f6 28. Qc2 Re7
29. Nh4 Re5 30. Nf3 Re7 31. Nh4 Re5 32. Nf3 Re7 33. Nh4 1/2-1/2

[Event "221st YMCA Autumn B"]
[Site "Warsaw"]
[Date "2019.10.03"]
[Round "3"]
[White "Mazurek, Jerzy"]
[Black "Jarmolowski, Tadeusz"]
[Result "0-1"]
[WhiteElo "1664"]
[BlackElo "1667"]
[PlyCount "68"]
[EventDate "2019.09.20"]
[EventType "tourn"]
[EventRounds "1"]
[EventCountry "POL"]
[SourceDate "2019.09.20"]

1. d4 Nf6 2. c4 e5 3. dxe5 Ng4 4. Bf4 g5 5. Bg3 Bg7 6. h4 Nc6 7. hxg5 Ngxe5 8.
Nc3 d6 9. e3 Be6 10. Nd5 Qd7 11. Nf3 O-O-O 12. Qd2 Nxf3+ 13. gxf3 Ne5 14. Be2
c6 15. Rc1 Kb8 16. Nf6 Qe7 17. c5 Bxf6 18. cxd6 Qd7 19. gxf6 Ng6 20. Rh5 Ka8
21. b4 Rc8 22. Ra5 Qd8 23. Qc3 h5 24. d7 Rc7 25. Bxc7 Qxc7 26. Rc5 Bxd7 27. Bd3
h4 28. b5 h3 29. Bxg6 fxg6 30. f7 Rf8 31. bxc6 Bxc6 32. Ke2 Qxf7 33. e4 Qxa2+
34. Ke1 h2 0-1

[Event "221st YMCA Autumn B"]
[Site "Warsaw"]
[Date "2019.10.03"]
[Round "3"]
[White "Wojnowski, Jan"]
[Black "Tarka, Aleksandra"]
[Result "1/2-1/2"]
[WhiteElo "1676"]
[BlackElo "1646"]
[PlyCount "64"]
[EventDate "2019.09.20"]
[EventRounds "1"]
[EventCountry "POL"]
[SourceDate "2019.09.20"]

1. e4 c6 2. d4 d5 3. exd5 cxd5 4. Bd3 Nc6 5. c3 Nf6 6. Bf4 Bg4 7. Nf3 e6 8. O-O
Be7 9. h3 Bh5 10. Nbd2 Bg6 11. Bxg6 hxg6 12. Qe2 O-O 13. Rfd1 Rc8 14. Rac1 Qa5
15. a3 b5 16. Ne1 Qa6 17. Kf1 Na5 18. Nd3 Nc4 19. Nb3 Nd7 20. Na1 Qb6 21. Nc2
a5 22. Ra1 Ra8 23. f3 Rfc8 24. Rdc1 Bd6 $11 25. Bxd6 Nxd6 26. Ne3 Rc6 27. Rc2
Rac8 28. Rac1 Qc7 29. Kg1 Nc4 30. Ng4 Qb8 31. Ne3 R8c7 32. Ng4 Qc8 $11 1/2-1/2

[Event "221st YMCA Autumn B"]
[Site "Warsaw"]
[Date "2019.10.08"]
[Round "4"]
[White "Ossolinski, Ziemowit"]
[Black "Tarka, Aleksandra"]
[Result "1/2-1/2"]
[WhiteElo "1768"]
[BlackElo "1646"]
[PlyCount "73"]
[EventDate "2019.09.20"]
[EventRounds "1"]
[EventCountry "POL"]
[SourceDate "2019.09.20"]

1. e4 c5 2. Nf3 d6 3. d4 cxd4 4. Nxd4 Nf6 5. f3 e5 6. Nb3 Be6 7. c4 Nbd7 8. Be3
Rc8 9. N1d2 Be7 10. Be2 O-O 11. O-O Nh5 12. Kh1 Bg5 13. Bf2 g6 14. Nc1 Nf4 15.
b3 Nc5 16. g3 Nxe2 17. Qxe2 a5 18. Nd3 Qc7 19. Nb1 a4 20. Nxc5 dxc5 21. Nc3
axb3 22. axb3 Qb6 23. Qc2 Rfd8 24. Rfd1 Be7 25. Nb5 Bd7 26. Nc3 Bc6 27. Qb2 f5
28. Nd5 Bxd5 29. exd5 Bf6 30. Be1 e4 31. Bc3 Bxc3 32. Qxc3 Re8 33. Ra5 Qd6 34.
Ra7 Qb8 35. Ra5 Qd6 36. Ra7 Qb8 37. Ra5 1/2-1/2

[Event "221st YMCA Autumn B"]
[Site "Warsaw"]
[Date "2019.10.11"]
[Round "4"]
[White "Sloniewska, Alicja"]
[Black "Wojnowski, Jan"]
[Result "1/2-1/2"]
[WhiteElo "1661"]
[BlackElo "1676"]
[PlyCount "56"]
[EventDate "2019.09.20"]
[EventRounds "1"]
[EventCountry "POL"]
[SourceDate "2019.09.20"]

1. d4 Nf6 2. c4 e6 3. Nc3 b6 4. e4 Bb7 5. Bd3 d5 6. cxd5 exd5 7. e5 Ne4 8. Nge2
c5 9. dxc5 Nxc5 10. Bb5+ Nbd7 11. O-O a6 12. Bxd7+ Qxd7 13. Nd4 Be7 14. Be3 O-O
15. Rc1 Rfd8 16. Qe2 Ne6 17. Rfd1 Bc5 18. Qc2 Rac8 19. Qb3 b5 20. Nce2 Bxd4 21.
Nxd4 Nxd4 22. Bxd4 Rc4 23. Qe3 Rdc8 24. Rxc4 dxc4 25. Rc1 Rd8 26. Bc3 Qd5 27.
f3 h6 28. Kf2 Re8 1/2-1/2

[Event "221st YMCA Autumn B"]
[Site "Warsaw"]
[Date "2019.10.10"]
[Round "4"]
[White "Jarmolowski, Tadeusz"]
[Black "Okurowski, Michal"]
[Result "0-1"]
[WhiteElo "1667"]
[BlackElo "1645"]
[PlyCount "32"]
[EventDate "2019.09.20"]
[EventRounds "1"]
[EventCountry "POL"]
[SourceDate "2019.09.20"]

1. e4 e5 2. f4 exf4 3. Nf3 d5 4. exd5 Qxd5 5. Nc3 Qe6+ 6. Qe2 Nc6 7. d4 Nb4 8.
Qxe6+ Bxe6 9. Kd1 O-O-O 10. Bxf4 c5 11. Be3 Bf5 12. Rc1 cxd4 13. Nxd4 Bc5 14.
Nce2 Nxa2 15. Ra1 Nb4 16. c3 Nc2 0-1

[Event "221st YMCA Autumn B"]
[Site "Warsaw"]
[Date "2019.10.10"]
[Round "4"]
[White "Sypula, Krzysztof"]
[Black "Mazurek, Jerzy"]
[Result "0-1"]
[WhiteElo "1671"]
[BlackElo "1664"]
[PlyCount "148"]
[EventDate "2019.09.20"]
[EventRounds "1"]
[EventCountry "POL"]
[SourceDate "2019.09.20"]

1. c4 c6 2. Nf3 d5 3. e3 Nf6 4. b3 Bf5 5. Nc3 e6 6. Bb2 Be7 7. d4 a5 8. Bd3
Bxd3 9. Qxd3 Nbd7 10. O-O O-O 11. e4 dxe4 12. Nxe4 Nxe4 13. Qxe4 a4 14. Rfd1
Nf6 15. Qd3 Qa5 16. c5 Nd5 17. a3 axb3 18. Qxb3 Qc7 19. Nd2 Rfb8 20. Rac1 b5
21. g3 Ra4 22. Ne4 Qa7 23. Ra1 Ra8 24. Rab1 Qb8 25. Nc3 Nxc3 26. Qxc3 Bf6 27.
Bc1 Rc4 28. Qf3 Qb7 29. Rb4 Rxb4 30. axb4 Rd8 31. Bb2 Qd7 32. Qe2 Qd5 33. f4
Ra8 34. Qg2 Qxg2+ 35. Kxg2 Ra2 36. Rd2 Bxd4 37. Rxd4 Rxb2+ 38. Kf3 Kf8 39. h4
h5 40. Rd6 Rxb4 41. Rxc6 Rb3+ 42. Kf2 Rc3 43. Rc7 g6 44. c6 Kg7 45. Rb7 Rxc6
46. Rxb5 Rc3 47. Ra5 Kf6 48. Rb5 Rd3 49. Ra5 Rd5 50. Ra7 e5 51. fxe5+ Rxe5 52.
Ra6+ Re6 53. Ra5 Re5 54. Ra6+ Ke7 55. Kf3 Rf5+ 56. Ke4 Kf8 57. Ra7 Kg7 58. Rb7
Rf1 59. Ra7 Rb1 60. Kf4 Rb6 61. Rc7 Kf6 62. Rc5 Rb4+ 63. Kf3 Rd4 64. Ra5 Ke6
65. Ke3 Rd5 66. Ra6+ Kf5 67. Ra4 Rb5 68. Rf4+ Ke6 69. Ra4 f6 70. Re4+ Re5 71.
Kf4 Rxe4+ 72. Kxe4 g5 73. Kf3 gxh4 74. gxh4 Kf5 0-1